|
|
|
|
| LEADER |
00000cam a2200000 a 4500 |
| 001 |
vtls001483768 |
| 003 |
SK-MaSNL |
| 005 |
20260302073710.0 |
| 008 |
240226s2004 xo frnp 000 0 slo |
| 015 |
|
|
|a SNBA2004/11-06377
|
| 020 |
|
|
|a 8080780153
|q (brožované)
|
| 035 |
|
|
|a SNK000439062
|
| 035 |
|
|
|a urn:nbn:sk:snk-am3j3cu
|
| 035 |
|
|
|a 82749960-7201-4F6A-BFD4-9688C50F1DBE
|
| 035 |
|
|
|a urn:nbn:sk:snk-am00gh5u
|
| 040 |
|
|
|a SNK
|b slo
|c SNK
|e AACR2
|
| 041 |
0 |
|
|a slo
|
| 044 |
|
|
|a xo
|c SK
|
| 072 |
|
7 |
|a 341
|x Medzinárodné právo
|2 konspekt
|
| 072 |
|
7 |
|a 316.4/.7
|x Sociálne interakcie
|2 konspekt
|
| 080 |
|
|
|a 341.7
|2 2011
|
| 080 |
|
|
|a (075.8)
|2 2011
|
| 080 |
|
|
|a 316.77:341.7
|x (075.8)
|2 1997
|
| 080 |
|
|
|a 341.7
|2 1997
|
| 080 |
|
|
|a 341.75
|2 2011
|
| 080 |
|
|
|a 341.76
|2 2011
|
| 080 |
|
|
|a 316.77:81'42
|2 2011
|
| 100 |
1 |
|
|a Vršanský, Peter,
|d 1949-
|4 aut
|9 219789
|
| 245 |
1 |
0 |
|a Základy diplomatickej komunikácie
|c Peter Vršanský
|
| 250 |
|
|
|a 1. vyd.
|
| 260 |
|
|
|a Bratislava
|b Iura edition
|c 2004
|
| 300 |
|
|
|a 150 strán
|c 21 cm
|
| 490 |
1 |
|
|a Učebnice
|
| 504 |
|
|
|a Bibliografia na strane 129
|
| 650 |
0 |
7 |
|a diplomacia
|2 SNKPH
|9 1254
|
| 650 |
0 |
7 |
|a diplomatický protokol
|2 SNKPH
|9 2221
|
| 650 |
0 |
7 |
|a diplomatické rokovania
|2 SNKPH
|9 106370
|
| 650 |
0 |
7 |
|a komunikačné zručnosti
|2 SNKPH
|9 2691
|
| 655 |
|
7 |
|a učebnice vysokých škôl
|2 SNKPH
|9 70191
|
| 830 |
|
0 |
|a Učebnice
|9 268183
|
| 919 |
|
|
|a 80-8078-015-3
|
| 958 |
|
|
|a NB
|
| 958 |
|
|
|a OND
|
| 999 |
|
|
|c 1161999
|d 1163929
|
| 952 |
|
|
|t P60, <03>, [BOOK], {603}, -K-
|a SNK
|b SNK
|y PREZ
|7 0
|p 17A0448896
|o snkSC 117669
|i snkKSP 13568/2004
|0 0
|1 0
|4 0
|d 2004-10-19
|f 1
|l 0
|r 2025-10-16 00:00:00
|w 2026-02-24
|
| 952 |
|
|
|t snkVRS 327
|a SNKUST
|b SNKUST
|y PREZ
|7 0
|p 17A0448895
|o snkSC 117669 D1
|i snkKSP 13569/2004
|0 0
|1 0
|4 0
|d 2004-10-19
|l 0
|r 2025-05-28 00:00:00
|w 2026-02-24
|